Music Quiz

Random Music Quiz
Score 0/25 Timer 13:00
0 Plays Today
% Correct
American idiot
95.7%
Umbrella (Orange version)
91.3%
Baby
87%
How you remind me
84.8%
Pretty fly (for a white guy)
78.3%
Fly away
76.1%
California dreamin'
73.9%
September
71.7%
November rain
69.6%
West End Girls
67.4%
Jump around
60.9%
More than words
56.5%
Kokomo
52.2%
% Correct
Quit playing games (with my heart)
52.2%
Go your own way
45.7%
Don't worry be happy
39.1%
Rich girl
37%
Truly madly deeply
37%
Voulez-vous
34.8%
In the army now
19.6%
Young, wild and free
19.6%
Lambada
15.2%
Zumba
10.9%
Each time you break my heart
2.2%
Overcome
2.2%
Remove Ads.
Support Sporcle.
Get the best of Sporcle when you Go Orange. This ad-free experience offers more features, more stats, and more fun while also helping to support Sporcle. Thank you for becoming a member.

You're not logged in!

Compare scores with friends on all Sporcle quizzes.
OR
Log In

Show Comments

Extras

Top Quizzes Today


Score Distribution

Your Account Isn't Verified!

In order to create a playlist on Sporcle, you need to verify the email address you used during registration. Go to your Sporcle Settings to finish the process.

Report this User

Report this user for behavior that violates our Community Guidelines.

Details: